00966nam a2200265Ia 4500008004100000020001800041040001800059041000800077060001100085245011200096260005100208300007300259504002200332650004400354650004900398650003700447650002400484650002300508700002200531700002600553700002600579700002800605700002900633765003800662130821s2007 sp ao gr spa  a9788498350067 aCo-BoUCMbspa00aspa00aQT 26100aLesiones Deportivas diagnóstico, tratamiento y rehabilitacióncRoald Bahr y Sverre Maehlum, directores aMadrid (España)bMédica Panamericanac2007 avii, 446 páginasbilustraciones, fotografías, (algunas en color) aIncluye índice.04aAccidentes deportivosxRehabilitación04aAccidentes deportivosxTratamiento y control04aDeportistasxAtención médica04aLesiones corporales04aMedicina deportiva1 aBahr, Roaldedir.1 aMaehlum, Sverreedir.1 aMerlo, Ceciliaetrad.1 aOxemberg, Judithetrad.1 aRosenthal, Silviaetrad. tClinical guide to sports injuries